00544nam a2200205 a 4500001001300000003000900013005001700022008004100039020000900080082001500089100001700104245006300121260004400184300000900228500003500237505001000272650001700282650002200299700001700321nice12345678IN_TiNIC20260116012719.0050524s1979 lona grp 000 0 eng  ac5000a954.2bPEM aPemble, John aRaj, the Indian Mutliny, and the Kingdom of Oudh 1801-1859 aLondan bOxford University Press c1979 a303p aincludes index and biblioraphy2 aIndex aOudh-History aMutiny-India-18571 aPemble, John